000
00227 a2200097 4500
001
6910
100
_a
Salvadori, M G
245
_a
Mumerical Methods in Engineering
260
_a
_b
Prentice-Hill (india)
_c
090
_c
5712
_d
5712
942
_a
NUST-CAE
_c
M
_c
32170
999
_c
241983
_d
241983